000 00723cam a22002653a 4500
001 9267
003 PGUSA
005 20140828083210.0
008 051101s2005||||xxu|||||s|||||000 1 eng d
040 _aPGUSA
_beng
042 _adc
050 4 _aPS
100 1 _aBower, B. M.,
_d1874-1940
245 1 0 _aChip, of the Flying U
_h[electronic resource] /
_cB. M. Bower
260 _bProject Gutenberg,
_c2005
506 _aPublic domain in the USA.
516 _aElectronic text
653 _aRanch life -- Fiction
653 _aMontana -- Fiction
653 _aWestern stories
653 _aCowboys -- Fiction
830 0 _aProject Gutenberg
_v9267
856 4 0 _uhttp://www.gutenberg.org/ebooks/9267
942 _cEB
999 _c238523
_d238523